| 000 | 00568nam a22001937a 4500 | ||
|---|---|---|---|
| 003 | OSt | ||
| 005 | 20260305072555.0 | ||
| 008 | 260121b |||||||| |||| 00| 0 eng d | ||
| 020 | _a9711000687 | ||
| 040 |
_aDWCL-Main Lib _cOC |
||
| 082 | _aFil. 170 An25u 1980 | ||
| 100 | _aAndres, Tomas D. | ||
| 245 | _aUnderstanding values | ||
| 260 |
_aQuezon City, Philippines : _bNew Day Publishers, _cc1980. |
||
| 300 |
_aviii, 167 pages ; _c22 cm. |
||
| 504 | _aIncludes bibliographical references and index. | ||
| 650 | _aValues Education. | ||
| 942 |
_2ddc _cBK - FIL _n0 _mFil. |
||
| 999 |
_c7647 _d7647 |
||